| 000 | 00676nam a22002177a 4500 | ||
|---|---|---|---|
| 005 | 20230512221615.0 | ||
| 008 | 180313t xxu||||| |||| 00| 0 eng d | ||
| 020 | _a9789381421567 | ||
| 040 | _cCSPC | ||
| 082 | 0 |
_a025.431 _bSa199d |
|
| 100 |
_aSahu, Ravindra _eauthor. |
||
| 245 | 0 | 0 |
_aDewey decimal classification in library science _cRavindra Sahu |
| 260 |
_aNew Delhi : _bRandom Publications. _c2015. |
||
| 300 |
_a272 pages : _c26 cm. |
||
| 500 | _aIncludes Index. | ||
| 650 | 1 | 0 | _aClassification, Dewey decimal. |
| 940 | _aMar | ||
| 942 |
_cBOOK _jCIR 025.431 Sa199d 2015 |
||
| 999 |
_c2678 _d2678 |
||